LEADER 01057nam a2200241 i 4500 001 000000222587 003 CaOOAMICUS 005 20130920000000.0 008 130920s2002 it u000 u ita u 013 $a201484 040 $aSeMil$bita 245 10$a[Paternità e figliolanza :$bdon Giussani]. 260 $aCaronno Pertusella :$b[s.n.],$c2002. 300 $a16 p. ;$c21 cm. 490 0 $aI quaderni colombiani ;$v14 600 14$aGiussani, Luigi .$0(OLS)http://semarc/subject/8100 650 4$aColombo, Giovanni - Scritti, discorsi, omelie, lettere pastorali, etc.$0(OLS)http://semarc/subject/5920 830 2$aI quaderni colombiani ;$v14.$0(OLS)http://semarc/title/21284 850 $aSeMil 852 $aSeMil$W1$xVenegono$y1$m5B III 23/14$j172933$B172933$CSeMilBibl$Z2$F183255 $81 961 $aRecupero: Altro 996 $6245$a[Paternità e figliolanza :$bdon Giussani]$9(OLS)http://semarc/title/319103 996 $6260$aCaronno Pertusella :$b[s.n.]$9(OLS)http://semarc/publisher/37886 LEADER 01169nam a2200253 i 4500 001 000000227056 003 CaOOAMICUS 005 20140212000000.0 008 140212s1971 it u000 u ita u 013 $a205958 040 $aSeMil$bita 100 1 $aMonast, J. E.$0(OLS)http://semarc/name/78747 245 10$aLi credevamo cristiani :$besperienze di un missionario in Bolivia /$cJ. E. Monast. 260 $aMilano :$bJaca Book,$c1971. 300 $a165 p. ;$c23 cm. 490 0 $aCronache alla prova. Chiesa e società : Serie periodiche ;$v26 650 4$aChiesa cattolica - Missioni - America latina.$0(OLS)http://semarc/subject/9990 650 4$aBolivia - Cristianesimo.$0(OLS)http://semarc/subject/41178 830 0$aCronache alla prova. Chiesa e società. Serie periodiche ;$v26.$0(OLS)http://semarc/title/16822 850 $aSeMil 852 $aSeMil$W1$xVenegono$y1$m3E IV 355$j177402$B177402$CSeMilBibl$Z2$F189512 $81 961 $aOmaggio: Ferrario mons. Emilio 996 $6245$aLi credevamo cristiani :$besperienze di un missionario in Bolivia$9(OLS)http://semarc/title/325052 996 $6260$aMilano :$bJaca Book$9(OLS)http://semarc/publisher/29781